Pokéball Pokémon in Super Smash Bros. - Statistics

General Stats
  • This quiz has been taken 125 times
    18 since last reset
  • The average score is 28 of 87
Answer Stats
Type Answer % Correct
Fire/Flying Charizard
92%
Grass/Poison Venusaur
92%
Water Blastoise
83%
Psychic/Flying Lugia
75%
Bug/Poison Beedrill
67%
Dragon/Psychic Latias
67%
Dragon/Psychic Latios
67%
Normal Arceus
58%
Ice/Flying Articuno
58%
Electric/Fairy Dedenne
58%
Normal Eevee
58%
Fire Entei
58%
Ghost/Dragon Giratina
58%
Fire/Flying Ho-oh
58%
Water Kyogre
58%
Psychic Mew
58%
Fire/Flying Moltres
58%
Rock/Ground Onix
58%
Water/Dragon Palkia
58%
Electric/Flying Zapdos
58%
Ground Groudon
50%
Water Suicune
50%
Psychic/Grass Celebi
42%
Normal Ditto
42%
Steel/Psychic Jirachi
42%
Electric Raikou
42%
Bug/Steel Scizor
42%
Normal Snorlax
42%
Psychic Abra
33%
Fairy Clefairy
33%
Dark Darkrai
33%
Psychic/Fairy Gardevoir
33%
Bug/Steel Genesect
33%
Dragon/Ice Kyurem
33%
Psychic/Ghost Lunala
33%
Normal/Psychic Meloetta
33%
Steel/Psychic Metagross
33%
Ghost/Fairy Mimikyu
33%
Water Oshawott
33%
Psychic/Steel Solgaleo
33%
Electric/Fairy Tapu Koko
33%
Electric/Steel Togedemaru
33%
Fire Vulpix
33%
Normal Chansey
25%
Grass Chikorita
25%
Fire Cyndaquil
25%
Psychic Deoxys
25%
Fighting Hitmonlee
25%
Water/Fighting Keldeo
25%
Fighting/Ghost Marshadow
25%
Grass Snivy
25%
Psychic/Fire Victini
25%
Dark/Ice Weavile
25%
Poison Weezing
25%
Fairy Xerneas
25%
Grass/Ice Abomasnow
17%
Electric/Psychic Alolan Raichu
17%
Ice Alolan Vulpix
17%
Normal/Fighting Bewear
17%
Electric Electrode
17%
Grass Gogoat
17%
Water Goldeen
17%
Dark/Psychic Inkay
17%
Poison Koffing
17%
Water Manaphy
17%
Normal Meowth
17%
Water Piplup
17%
Normal Porygon2
17%
Water/Psychic Starmie
17%
Fairy Togepi
17%
Grass/Dragon Alolan Exeggutor
8%
Grass Bellossom
8%
Grass Chespin
8%
Fire Fennekin
8%
Normal/Flying Fletchling
8%
Poison Gulpin
8%
Water Pyukumuku
8%
Bug Spewpa
8%
Fairy Swirlix
8%
Fire Torchic
8%
Psychic Unown
8%
Psychic Wobbuffet
8%
Dark Zoroark
8%
Rock Bonsly
0%
Water/Fairy Marill
0%
Normal Munchlax
0%
Water Staryu
0%
No matching quizzes found
Score Distribution
Percent of People with Each Score
Percentile by Number Answered
Your Score History
You have not taken this quiz since the last reset